[Event "26th WSCC 2016 Women 50+"]
[Site "Marianske Lazne, Czech Republic - Hotel Cristal"]
[Date "2016.11.29"]
[Round "10.8"]
[White "Sirotkina, Nina"]
[Black "Mednikova, Svetlana"]
[Result "1/2-1/2"]
[WhiteElo "2178"]
[BlackElo "2195"]
[PlyCount "94"]
[EventDate "2016.11.19"]

1. c4 e5 2. Nc3 Nc6 3. g3 g6 4. Bg2 Bg7 5. d3 Nge7 6. Rb1 a5 7. a3 d6 8. b4
axb4 9. axb4 O-O 10. b5 Nd4 11. e3 Ne6 12. Nge2 f5 13. f4 c6 14. bxc6 bxc6 15.
O-O Bd7 16. Bd2 Rb8 17. Qc2 Qc7 18. Rxb8 Rxb8 19. Rb1 Rb7 20. Bf3 Qb8 21. Rxb7
Qxb7 22. Bc1 Nc5 23. Na4 Nxa4 24. Qxa4 c5 25. Bxb7 Bxa4 26. Nc3 Bc6 27. Bxc6
Nxc6 28. Nb5 Bf8 29. Kf2 Kf7 30. Bb2 exf4 31. exf4 Nb4 32. Ke2 d5 33. cxd5 Nxd5
34. Be5 Ke6 35. h3 Kd7 36. Na3 Ne7 37. Nc4 Nc6 38. Ke3 Ke6 39. Bb2 Be7 40. Bc3
Kd5 41. Nb6+ Ke6 42. Nc4 Bd8 43. g4 Ne7 44. Be5 Nd5+ 45. Kf3 Nb4 46. d4 cxd4
47. Bxd4 fxg4+ 1/2-1/2

[Event "26th WSCC 2016 Women 50+"]
[Site "Marianske Lazne, Czech Republic - Hotel Cristal"]
[Date "2016.11.29"]
[Round "10.9"]
[White "Milligan, Helen"]
[Black "Korinkova, Eva"]
[Result "1-0"]
[WhiteElo "2053"]
[BlackElo "1792"]
[PlyCount "97"]
[EventDate "2016.11.19"]

1. e4 c5 2. Nf3 e6 3. d4 cxd4 4. Nxd4 d6 5. c4 Nf6 6. Nc3 Bd7 7. Be3 a6 8. Bd3
Nc6 9. Nxc6 Bxc6 10. O-O Be7 11. f4 O-O 12. Qe2 Qa5 13. a3 b5 14. cxb5 axb5 15.
b4 Qc7 16. Rfc1 Qb7 17. e5 dxe5 18. fxe5 Nd5 19. Nxd5 Bxd5 20. Bc5 Bg5 21. Rc2
Rfc8 22. Bxb5 f6 23. a4 fxe5 24. Rf1 e4 25. a5 Be7 26. a6 Bxc5+ 27. Rxc5 Qb6
28. Qf2 Rf8 29. Qd4 Rxf1+ 30. Bxf1 Rd8 31. Qe3 Rf8 32. Be2 h6 33. h3 Rc8 34.
Kf1 Rxc5 35. Qxc5 Qxc5 36. bxc5 Bc6 37. Bc4 Kf7 38. Ke2 Ke7 39. Ke3 e5 40. a7
Kd8 41. Bb5 Ba8 42. Ba4 Kc7 43. Bc2 Kb7 44. Bxe4+ Kxa7 45. Bxa8 Kxa8 46. Ke4
Kb7 47. Kxe5 Kc6 48. Kf5 g5 49. g4 1-0

[Event "26th WSCC 2016 Women 50+"]
[Site "Marianske Lazne, Czech Republic - Hotel Cristal"]
[Date "2016.11.29"]
[Round "10.10"]
[White "Kierzek, Mira"]
[Black "Khropova, Larisa"]
[Result "0-1"]
[WhiteElo "2005"]
[BlackElo "1981"]
[PlyCount "254"]
[EventDate "2016.11.19"]

1. d4 d6 2. g3 g6 3. Bg2 Bg7 4. Nf3 Nf6 5. O-O O-O 6. c4 c6 7. Nc3 Nbd7 8. e4
Qc7 9. h3 e5 10. d5 Nc5 11. Re1 a5 12. Bg5 h6 13. Bxf6 Bxf6 14. Qd2 Kh7 15.
Rad1 Rd8 16. Qe2 Qe7 17. Rf1 Bg7 18. Kh2 Nd7 19. Nh4 c5 20. Nf3 Nf6 21. Nd2 Nh5
22. Bf3 Nf6 23. Rde1 Bd7 24. Bg2 Nh5 25. Bf3 Nf6 26. a4 h5 27. Nb5 Bh6 28. Bg2
Rf8 29. Nf3 Ng8 30. Nh4 Rad8 31. Bf3 Bg5 32. Ng2 Bc8 33. Ne3 Qd7 34. Bg2 Nh6
35. b3 Kg7 36. Na7 h4 37. Nxc8 Qxc8 38. Kg1 Qc7 39. Kh2 Rh8 40. Kg1 Rdf8 41. f4
Bf6 42. g4 exf4 43. Rxf4 Be5 44. Rff1 f6 45. Rd1 Nf7 46. Nc2 Ng5 47. Ne1 Bg3
48. Nf3 Nf7 49. Qb2 Be5 50. Qd2 b6 51. Kh1 Qe7 52. Qc2 Re8 53. Rde1 Nh6 54. Re2
Nxg4 55. Nxe5 Nxe5 56. Ref2 Ref8 57. Qd2 Rh5 58. Rf4 Rh6 59. Qe3 g5 60. Rf5 Rg6
61. Rg1 Rh8 62. Bf1 Nf7 63. Be2 Nh6 64. Rf2 Nf7 65. Rf5 Rgh6 66. Bd1 Re8 67.
Bc2 Rg6 68. Qf2 Nh6 69. Rf3 Qe5 70. Qh2 g4 71. hxg4 Qxh2+ 72. Kxh2 Nxg4+ 73.
Kh1 Ne5 74. Rf4 Rh8 75. Rxg6+ Kxg6 76. Kh2 h3 77. Bb1 Rh6 78. Bc2 Rh8 79. Bb1
Rh7 80. Bc2 Rh6 81. Bd1 Rh8 82. Be2 Nf7 83. Bd3 Kg7 84. Be2 Ng5 85. Bf1 Re8 86.
Bd3 Re5 87. Kg3 Re8 88. Kh2 Rh8 89. Bc2 Nf7 90. Bd3 Ne5 91. Bf1 Ng6 92. Rg4 Rh4
93. Bxh3 Rxg4 94. Bxg4 Kh6 95. Kg3 Kg5 96. Be2 Nf4 97. Bf1 Ng6 98. Kf3 Nf4 99.
Kg3 Ng6 100. Be2 Ne5 101. Bf1 Nd7 102. Bh3 Ne5 103. Bf1 f5 104. exf5 Kxf5 105.
Bg2 Nd3 106. Bf3 Nc1 107. Kf2 Kf4 108. Bg2 Nxb3 109. Ke2 Nd4+ 110. Kd3 Nf3 111.
Bh3 Ne5+ 112. Kc3 Ke3 113. Bf5 Nf3 114. Bg6 Nd4 115. Bh7 Ne2+ 116. Kb3 Kd4 117.
Bf5 Ng3 118. Bd7 Ne4 119. Bc6 Nd2+ 120. Kc2 Nxc4 121. Kb3 Ne3 122. Ka3 Nxd5
123. Bb5 Kc3 124. Bc6 Ne3 125. Bb5 d5 126. Ka2 c4 127. Kb1 d4 0-1

[Event "26th WSCC 2016 Women 50+"]
[Site "Marianske Lazne, Czech Republic - Hotel Cristal"]
[Date "2016.11.29"]
[Round "10.11"]
[White "Bazantova, Marie"]
[Black "Ovlyakuliyeva, Guldjahan"]
[Result "1-0"]
[WhiteElo "1936"]
[BlackElo "1884"]
[PlyCount "139"]
[EventDate "2016.11.19"]

1. e4 c5 2. Nf3 d6 3. c3 e6 4. Bd3 Bd7 5. O-O Nc6 6. Bc2 Nf6 7. d3 Be7 8. h3 b5
9. d4 cxd4 10. Nxd4 Nxd4 11. cxd4 Rc8 12. Be3 Qc7 13. Bd3 Qb7 14. Nd2 O-O 15.
Qe2 Rc7 16. f4 Rfc8 17. e5 Nd5 18. Ne4 dxe5 19. fxe5 Nxe3 20. Qxe3 Be8 21. Qg3
Qd5 22. Nf6+ Bxf6 23. exf6 Qxd4+ 24. Kh2 g6 25. Rad1 Qxb2 26. Rf2 Qb4 27. Qg5
Qd6+ 28. Kg1 Qc5 29. Qh6 Qf8 30. Qe3 a6 31. Kh2 Rc3 32. Rfd2 Qd6+ 33. g3 Qc5
34. Qh6 Qf8 35. Qf4 Bc6 36. h4 Bd5 37. h5 Bc4 38. Be4 Bd5 39. Bxd5 exd5 40.
Rxd5 Rc2+ 41. R1d2 Rxd2+ 42. Qxd2 Qe8 43. Rd6 Ra8 44. Rd7 Rc8 45. Re7 Qd8 46.
Qe2 Kf8 47. hxg6 hxg6 48. Qb2 Qd3 49. Re2 Qf5 50. Qb4+ Kg8 51. Qb2 Qh5+ 52. Kg1
Qd5 53. Kh2 Qd1 54. Qe5 Qc1 55. Qe4 Qg5 56. Rf2 Qc5 57. Rd2 Qf5 58. Qe7 Qc5 59.
Rd8+ Kh7 60. Qxf7+ Kh6 61. Rd2 Qf8 62. Qe6 Rc5 63. Qe3+ Kh7 64. Rd7+ Kh8 65. g4
Rc2+ 66. Kg1 Qc5 67. Rd8+ Kh7 68. Qxc5 Rxc5 69. f7 Rc1+ 70. Kf2 1-0

[Event "26th WSCC 2016 Women 50+"]
[Site "Marianske Lazne, Czech Republic - Hotel Cristal"]
[Date "2016.11.29"]
[Round "10.12"]
[White "Baliuniene, Margarita"]
[Black "Beltz, Martina"]
[Result "1-0"]
[WhiteElo "1877"]
[BlackElo "2066"]
[PlyCount "161"]
[EventDate "2016.11.19"]

1. d4 d5 2. c4 e6 3. Nc3 Nf6 4. Bg5 Be7 5. e3 Nbd7 6. Nf3 O-O 7. Rc1 b6 8. cxd5
exd5 9. Bd3 Bb7 10. O-O c5 11. dxc5 bxc5 12. h3 Re8 13. Bb5 Rf8 14. Qe2 a6 15.
Bd3 Re8 16. Qc2 d4 17. Bxf6 Bxf6 18. Ne4 dxe3 19. Nd6 Bxf3 20. Nxe8 Bd4 21.
Bxh7+ Kh8 22. gxf3 Qg5+ 23. Kh1 Rxe8 24. Bf5 exf2 25. Bxd7 Re5 26. Rcd1 Qg3 27.
Rxd4 Re1 28. Rh4+ Qxh4 29. Kg2 Qe7 30. Qd2 Re2 31. Qd5 Re5 32. Qd2 Re2 33. Qd5
Re5 34. Qd3 Re3 35. Qf5 Re5 36. Qf4 Re1 37. Qb8+ Kh7 38. Bf5+ g6 39. Bd3 Qe3
40. Bxa6 Qg5+ 41. Qg3 Qf6 42. Bc4 Re5 43. f4 Re4 44. b3 Qc6 45. Kxf2 Rd4 46. a4
Qf6 47. Kg1 Rd2 48. Rf2 Rd1+ 49. Kh2 Kg7 50. f5 Qc6 51. Rg2 Rd6 52. Qc3+ Kh7
53. fxg6+ fxg6 54. Bd3 Qc7 55. Kh1 Qd7 56. Be4 Qe7 57. Qc2 Qe6 58. Bxg6+ Kh8
59. Qc3+ Rd4 60. Qg3 Qf6 61. Bf5 Rd8 62. Qg6 Rd1+ 63. Rg1 Rxg1+ 64. Kxg1 Qd4+
65. Kg2 Qd2+ 66. Kf3 Qd1+ 67. Ke4 Qd4+ 68. Kf3 Qd1+ 69. Kg3 Qe1+ 70. Kg4 Qd1+
71. Kg5 Qd2+ 72. Kh5 Qd1+ 73. Kh6 Qd2+ 74. Qg5 Qd6+ 75. Bg6 c4 76. bxc4 Qf8+
77. Kh5 Qf3+ 78. Qg4 Qf8 79. a5 Qc5+ 80. Qg5 Qf8 81. Qh6+ 1-0

[Event "26th WSCC 2016 Women 50+"]
[Site "Marianske Lazne, Czech Republic - Hotel Cristal"]
[Date "2016.11.30"]
[Round "11.1"]
[White "Berend, Elvira"]
[Black "Liu, Shilan"]
[Result "1/2-1/2"]
[WhiteElo "2349"]
[BlackElo "2249"]
[PlyCount "78"]
[EventDate "2016.11.19"]

1. d4 Nf6 2. c4 e6 3. g3 c5 4. Nf3 cxd4 5. Nxd4 d5 6. Bg2 e5 7. Nf3 d4 8. O-O
Nc6 9. e3 Be7 10. exd4 exd4 11. Bf4 O-O 12. Ne5 Qb6 13. Qb3 Qc5 14. Re1 Be6 15.
Nd2 Na5 16. Qa4 Rac8 17. Nd3 Qf5 18. Re5 Qxd3 19. Bf1 Qg6 20. Rg5 b5 21. Qxa5
Qc2 22. Rxb5 h6 23. Rb3 Bf5 24. Nf3 Ng4 25. Qd2 Qxd2 26. Bxd2 d3 27. Bxd3 Bxd3
28. Rxd3 Rxc4 29. Bc3 Bc5 30. Rd2 f5 31. Bd4 Bxd4 32. Nxd4 f4 33. Ne6 fxg3 34.
Nxf8 gxf2+ 35. Kh1 Re4 36. Rf1 Re1 37. Kg2 Ne3+ 38. Kxf2 Rxf1+ 39. Kxe3 Rxf8
1/2-1/2

[Event "26th WSCC 2016 Women 50+"]
[Site "Marianske Lazne, Czech Republic - Hotel Cristal"]
[Date "2016.11.30"]
[Round "11.2"]
[White "Birkholz, Olga"]
[Black "Bogumil, Tatiana"]
[Result "1/2-1/2"]
[WhiteElo "2064"]
[BlackElo "2124"]
[PlyCount "131"]
[EventDate "2016.11.19"]

1. c4 Nf6 2. Nc3 e5 3. g3 d5 4. cxd5 Nxd5 5. Bg2 Nb6 6. Nf3 Nc6 7. O-O Be7 8.
b3 O-O 9. Bb2 f5 10. d3 Bf6 11. b4 Be6 12. b5 Nd4 13. Nd2 Nd5 14. Bxd5 Bxd5 15.
e3 Bf7 16. exd4 Qxd4 17. Nb3 Qd6 18. Qe2 Rfd8 19. Rad1 a6 20. Nc1 axb5 21. Nxb5
Qc6 22. Na3 b5 23. Rd2 Qd5 24. Nc2 c5 25. Ne3 Qd7 26. Rc2 Rdc8 27. f4 exf4 28.
Bxf6 fxe3 29. Be5 c4 30. d4 Ra3 31. Qe1 Qd5 32. Rc3 Rxc3 33. Qxc3 Be8 34. Qxe3
Bc6 35. Kf2 Qg2+ 36. Ke1 g6 37. Qe2 Qd5 38. Qe3 b4 39. Qh6 Qd7 40. Qg5 Rf8 41.
h4 c3 42. h5 Qe6 43. hxg6 hxg6 44. Rf2 Kf7 45. Rh2 Ke8 46. Nd3 Bb5 47. Nf4 Qc4
48. Qxg6+ Rf7 49. Qe6+ Qxe6 50. Nxe6 Kd7 51. Ng5 Rf8 52. Rh7+ Kc6 53. Rc7+ Kb6
54. d5 Ra8 55. Ne6 Bd3 56. Bd4+ Kb5 57. Rb7+ Kc4 58. Ba7 Be4 59. Nf4 Rh8 60.
Rc7+ Kb5 61. Bg1 Ra8 62. Rc5+ Ka4 63. Ne2 Re8 64. Nxc3+ bxc3 65. Rxc3 Bxd5+ 66.
Kd2 1/2-1/2

[Event "26th WSCC 2016 Women 50+"]
[Site "Marianske Lazne, Czech Republic - Hotel Cristal"]
[Date "2016.11.30"]
[Round "11.3"]
[White "Sazonova, Elena N"]
[Black "Wagner-Michel, Annett"]
[Result "1-0"]
[WhiteElo "2113"]
[BlackElo "2130"]
[PlyCount "137"]
[EventDate "2016.11.19"]

1. e4 c5 2. c3 d5 3. exd5 Qxd5 4. d4 Nc6 5. Nf3 Bg4 6. Nbd2 cxd4 7. Bc4 Qd7 8.
Qb3 e6 9. cxd4 Bxf3 10. Nxf3 Bb4+ 11. Kf1 Nge7 12. Bb5 Bd6 13. Be3 O-O 14. g3
a6 15. Be2 Nd5 16. Kg2 Rae8 17. Rad1 b5 18. Rc1 Qb7 19. Rhf1 Na5 20. Qd1 Rc8
21. Rxc8 Rxc8 22. Bd3 Nb4 23. Bb1 Nc4 24. Bc1 Be7 25. Qe2 Nd6 26. Kg1 Qd5 27.
b3 Qh5 28. Bd2 Nd5 29. Qd3 Nf5 30. Ne5 Nf6 31. Kg2 Bd6 32. Nf3 Ne7 33. h3 Qd5
34. Kh2 Ng6 35. Re1 Rd8 36. Ba5 Rc8 37. Bd2 Rd8 38. Rc1 h5 39. Bg5 e5 40. Bxf6
gxf6 41. Qf5 Kg7 42. Qxh5 a5 43. Qf5 a4 44. Be4 Qe6 45. Qxe6 fxe6 46. Bxg6 Kxg6
47. dxe5 fxe5 48. Kg2 Kf5 49. Re1 Rc8 50. Re2 axb3 51. axb3 Rc3 52. Nd2 Rc2 53.
g4+ Kg6 54. Kf3 Rb2 55. h4 Bb4 56. Ne4 Rxb3+ 57. Re3 Rb1 58. h5+ Kf7 59. g5 Be7
60. Kg4 b4 61. Rf3+ Kg8 62. Rg3 Rh1 63. Rd3 Rg1+ 64. Ng3 Rc1 65. h6 Rc4+ 66.
Kh5 Rf4 67. Rd7 Bf8 68. Kg6 Rxf2 69. Ne4 1-0

[Event "26th WSCC 2016 Women 50+"]
[Site "Marianske Lazne, Czech Republic - Hotel Cristal"]
[Date "2016.11.30"]
[Round "11.4"]
[White "Ankudinova, Yelena"]
[Black "Milligan, Helen"]
[Result "1-0"]
[WhiteElo "2122"]
[BlackElo "2053"]
[PlyCount "69"]
[EventDate "2016.11.19"]

1. c4 Nf6 2. Nc3 g6 3. e4 d6 4. d4 Bg7 5. Be2 O-O 6. Bg5 c5 7. d5 e6 8. Qd2 Qa5
9. Nf3 exd5 10. exd5 a6 11. O-O Nbd7 12. a4 Re8 13. Rae1 Nf8 14. Qf4 Nh5 15.
Qxd6 Bf5 16. h3 Bc2 17. g4 Bxc3 18. bxc3 Ng7 19. Be3 Qxa4 20. Qxc5 Qd7 21. Nd4
Ba4 22. Ra1 Rec8 23. Qb4 b5 24. cxb5 axb5 25. Bxb5 Bxb5 26. Qxb5 Rxa1 27. Rxa1
h5 28. Qxd7 Nxd7 29. Nc6 Kh7 30. Ra7 Nf6 31. c4 hxg4 32. Rxf7 Nfe8 33. hxg4 Nd6
34. Rf4 g5 35. Rd4 1-0

[Event "26th WSCC 2016 Women 50+"]
[Site "Marianske Lazne, Czech Republic - Hotel Cristal"]
[Date "2016.11.30"]
[Round "11.5"]
[White "Kasoshvili, Tsiala"]
[Black "Makropoulou, Marina"]
[Result "1-0"]
[WhiteElo "2117"]
[BlackElo "2119"]
[PlyCount "73"]
[EventDate "2016.11.19"]

1. d4 Nf6 2. Nf3 e6 3. g3 d5 4. Bg2 Be7 5. O-O O-O 6. c4 Nbd7 7. Qc2 c6 8. b3
b6 9. Bb2 Ba6 10. Nbd2 Rc8 11. e4 c5 12. e5 Ne8 13. Rfd1 b5 14. cxd5 cxd4 15.
Qd3 exd5 16. Qxd4 Nc7 17. Rac1 Nb6 18. Qg4 Ne6 19. Nd4 Nxd4 20. Bxd4 Rxc1 21.
Rxc1 Bc8 22. Qe2 Ba3 23. Rd1 Qe7 24. Qxb5 Bd7 25. Qd3 Bg4 26. Re1 Rd8 27. h3
Be6 28. Nf1 Qd7 29. g4 Rc8 30. Ne3 h5 31. f4 hxg4 32. f5 gxh3 33. Bxh3 Qe7 34.
fxe6 Qg5+ 35. Ng2 Rc1 36. exf7+ Kxf7 37. Qf5+ 1-0

[Event "26th WSCC 2016 Women 50+"]
[Site "Marianske Lazne, Czech Republic - Hotel Cristal"]
[Date "2016.11.30"]
[Round "11.6"]
[White "Mednikova, Svetlana"]
[Black "Strutinskaia, Galina"]
[Result "0-1"]
[WhiteElo "2195"]
[BlackElo "2266"]
[PlyCount "94"]
[EventDate "2016.11.19"]

1. e4 c5 2. Nf3 e6 3. c3 a6 4. d4 Qc7 5. Bd3 d6 6. O-O Nd7 7. a4 b6 8. Qe2 Bb7
9. Nbd2 cxd4 10. cxd4 Ngf6 11. b3 d5 12. e5 Nh5 13. g3 Be7 14. Bb2 Nb8 15. Rac1
Qd7 16. Ne1 g6 17. f4 Nc6 18. f5 exf5 19. Bxf5 Qd8 20. Bb1 O-O 21. Nd3 a5 22.
Nf3 Qd7 23. Rce1 Ng7 24. Nf2 Ba6 25. Bd3 Bxd3 26. Qxd3 Nb4 27. Qe2 Ne6 28. Nd3
Rac8 29. Nxb4 Bxb4 30. Rd1 Be7 31. Kg2 Ng7 32. Rc1 Qe6 33. Rxc8 Rxc8 34. Rc1
Nf5 35. Kf2 h5 36. h3 Kg7 37. Rc2 h4 38. gxh4 Bxh4+ 39. Nxh4 Nxh4 40. Rxc8 Qxc8
41. Qd3 Nf5 42. Qc3 Qd8 43. Qc6 Qg5 44. Qxb6 Qe3+ 45. Kg2 Qe2+ 46. Kg1 Qe1+ 47.
Kg2 Nh4+ 0-1

[Event "26th WSCC 2016 Women 50+"]
[Site "Marianske Lazne, Czech Republic - Hotel Cristal"]
[Date "2016.11.30"]
[Round "11.7"]
[White "Burchardt, Brigitte"]
[Black "Bazantova, Marie"]
[Result "1-0"]
[WhiteElo "2204"]
[BlackElo "1936"]
[PlyCount "81"]
[EventDate "2016.11.19"]

1. e4 c5 2. Nc3 Nc6 3. g3 g6 4. Bg2 Bg7 5. Nf3 d6 6. d3 Rb8 7. O-O Nf6 8. h3 e5
9. Bg5 h6 10. Be3 O-O 11. Kh2 b5 12. Qd2 Kh7 13. Ng1 g5 14. f4 g4 15. f5 Ne7
16. Qe2 b4 17. Nd1 gxh3 18. Nxh3 Qc7 19. Bf3 d5 20. Ndf2 d4 21. Bd2 Bd7 22. Rh1
Rh8 23. Kg2 Kg8 24. b3 a5 25. a4 Nh7 26. Ng4 Nf8 27. Nhf2 h5 28. Nh2 h4 29.
gxh4 f6 30. Nhg4 Nh7 31. Rag1 Kf7 32. Kf1 Ng8 33. Rg2 Nf8 34. h5 Nh7 35. Nh3
Bf8 36. Rhg1 Qd6 37. h6 Bc6 38. Qf2 c4 39. Nxe5+ Qxe5 40. Bh5+ Ke7 41. Bf4 1-0

[Event "26th WSCC 2016 Women 50+"]
[Site "Marianske Lazne, Czech Republic - Hotel Cristal"]
[Date "2016.11.30"]
[Round "11.8"]
[White "Baliuniene, Margarita"]
[Black "Schulz, Petra"]
[Result "0-1"]
[WhiteElo "1877"]
[BlackElo "2101"]
[PlyCount "86"]
[EventDate "2016.11.19"]

1. d4 Nf6 2. Nf3 g6 3. g3 Bg7 4. Bg2 O-O 5. O-O d6 6. c4 Nbd7 7. Nc3 e5 8. e4
a6 9. d5 b5 10. cxb5 axb5 11. b4 Nb6 12. Re1 Bd7 13. Bf1 Qb8 14. Nd2 Na4 15.
Nxa4 Rxa4 16. a3 Qa7 17. Bb2 Ng4 18. Qe2 f5 19. h3 Nf6 20. exf5 gxf5 21. Nb3
Nxd5 22. Qd2 Nf6 23. Bg2 Ra6 24. Rac1 Qb6 25. Rc2 Ne4 26. Qd5+ Kh8 27. Re3 c6
28. Qd3 d5 29. Kh2 Qb8 30. f3 Nxg3 31. Nc5 Ra7 32. Kg1 Bc8 33. Re1 e4 34. Bxg7+
Rxg7 35. Qd4 Qc7 36. Rf2 Rfg8 37. fxe4 fxe4 38. Qf6 Qe7 39. Qxc6 e3 40. Kh2 Qe5
41. Ra2 Nf1+ 42. Kg1 Rxg2+ 43. Rxg2 Qh2+ 0-1

[Event "26th WSCC 2016 Women 50+"]
[Site "Marianske Lazne, Czech Republic - Hotel Cristal"]
[Date "2016.11.30"]
[Round "11.9"]
[White "Sirotkina, Nina"]
[Black "Kierzek, Mira"]
[Result "1/2-1/2"]
[WhiteElo "2178"]
[BlackElo "2005"]
[PlyCount "89"]
[EventDate "2016.11.19"]

1. d4 Nf6 2. Nf3 d5 3. c4 e6 4. g3 Bb4+ 5. Bd2 Be7 6. Bg2 O-O 7. Qc2 b6 8. O-O
Bb7 9. cxd5 exd5 10. Nc3 Na6 11. a3 c5 12. Rad1 Nc7 13. Bg5 Ne4 14. Be3 Nxc3
15. Qxc3 c4 16. Ne5 Nb5 17. Qc2 Nd6 18. h4 b5 19. h5 h6 20. Bd2 a5 21. Bh3 Ne4
22. Bf5 Bf6 23. Bf4 Qe7 24. f3 Ng5 25. Nd7 Rfe8 26. Nxf6+ Qxf6 27. Be5 Qe7 28.
Rfe1 Ne6 29. Qd2 f6 30. Bf4 Nxf4 31. Qxf4 Qe3+ 32. Qxe3 Rxe3 33. Kf2 Re7 34. e4
b4 35. axb4 axb4 36. exd5 Rxe1 37. Rxe1 Bxd5 38. Re7 Kf8 39. Rd7 Bf7 40. Rb7 b3
41. Ke3 Ra2 42. Rb8+ Ke7 43. Rb7+ Kf8 44. Rb8+ Ke7 45. Rb7+ 1/2-1/2

[Event "26th WSCC 2016 Women 50+"]
[Site "Marianske Lazne, Czech Republic - Hotel Cristal"]
[Date "2016.11.30"]
[Round "11.10"]
[White "Ovlyakuliyeva, Guldjahan"]
[Black "Richtrova, Eliska"]
[Result "0-1"]
[WhiteElo "1884"]
[BlackElo "2188"]
[PlyCount "120"]
[EventDate "2016.11.19"]

1. d4 d5 2. c4 e6 3. a3 c6 4. Nc3 Bd6 5. Nf3 h6 6. e3 Nf6 7. cxd5 exd5 8. h3
Bf5 9. Bd3 Bxd3 10. Qxd3 O-O 11. O-O Re8 12. b4 a6 13. Rb1 Qe7 14. Bd2 Ne4 15.
Rfc1 Nd7 16. Be1 f5 17. Na4 Ndf6 18. Nc5 Nh5 19. Qb3 Kh8 20. Nd3 f4 21. Nfe5
Bxe5 22. Nxe5 Kg8 23. a4 Nd6 24. Rc5 fxe3 25. fxe3 Nf6 26. Rbc1 Nfe4 27. R5c2
Qg5 28. Kh2 Nf5 29. Re2 Rf8 30. b5 axb5 31. Nf3 Qg6 32. axb5 Nfg3 33. Rec2 Nf1+
34. Kh1 Rf6 35. bxc6 bxc6 36. Rxc6 Kh7 37. Rxf6 Nxf6 38. Bf2 Ng3+ 39. Kh2 Nge4
40. Bh4 Qe8 41. Bxf6 Nxf6 42. Ne5 Rb8 43. Qc2+ Ne4 44. Qc7 Qf8 45. Qc6 Qf5 46.
Qxd5 Rb2 47. Rg1 Ng5 48. Qd7 Nf3+ 49. Kh1 Qxd7 50. Nxd7 Nxg1 51. Kxg1 Re2 52.
Ne5 Rxe3 53. Nf3 Re4 54. Kf2 Kg6 55. g4 Kf6 56. Kg3 g6 57. Kf2 Ke6 58. Ne5 g5
59. Kf3 Kd5 60. Kg3 Re3+ 0-1

[Event "26th WSCC 2016 Women 50+"]
[Site "Marianske Lazne, Czech Republic - Hotel Cristal"]
[Date "2016.11.30"]
[Round "11.12"]
[White "Korinkova, Eva"]
[Black "Mira, Helene"]
[Result "1-0"]
[WhiteElo "1792"]
[BlackElo "2047"]
[PlyCount "61"]
[EventDate "2016.11.19"]

1. e4 d6 2. d4 Nf6 3. Nc3 c6 4. f4 Qa5 5. Qd3 e5 6. Nf3 Nbd7 7. Bd2 Qc7 8. Be2
Be7 9. O-O exd4 10. Nxd4 O-O 11. Qg3 Nc5 12. Bd3 Nxd3 13. cxd3 Qb6 14. Be3 Qxb2
15. Rac1 Ng4 16. Rc2 Qb6 17. Nf5 Qc7 18. Qxg4 Bf6 19. Nd5 Qd8 20. Nde7+ Kh8 21.
Nxc8 Rxc8 22. Rf3 g6 23. Rh3 Qa5 24. Kf1 Qb5 25. Ke2 Rcd8 26. Bd4 Bxd4 27. Nxd4
Qa5 28. Qh4 h5 29. Qf6+ Kh7 30. Nf5 Rg8 31. Rxh5+ 1-0